000 00366nam a2200157Ia 4500
008 210210b1921 xxu||||| |||| 00| 0 eng d
041 _aeng
082 _a822/414
100 _aFOWLER (J H)
245 _aBritish orators
260 _aLondon
_bMacmillan & Co. Ltd.
_c1921
650 _aorators
650 _aBritish
690 _aEnglish Prose
906 _a012600
999 _c131408
_d131408